Hungarian Monarchs Quiz - Statistics

General Stats
  • This quiz has been taken 96 times
  • The average score is 15 of 29
Answer Stats
# Name % Correct
? Stephen
89%
? Charles
82%
? Matthias
75%
? Béla
72%
? Franz Jo.
71%
? Joseph
71%
? John
69%
? Louis
69%
? Ferdinand
66%
? Maria
66%
? Sigismund
60%
? Andrew
58%
? Leopold
57%
? Peter
55%
? Francis
52%
? Otto
48%
? Gabriel
46%
? Ladislaus
46%
? Géza
40%
? Coloman
38%
? Solomon
37%
? Mary
34%
? Samuel
34%
? Vladislaus
34%
? Albert
32%
? Rudolph
31%
? Maximilian
26%
? Emeric
25%
? Wenceslau
17%
No matching quizzes found
Score Distribution
Percent of People with Each Score
Percentile by Number Answered
Your Score History
You have not taken this quiz